[Event "Kalamazoo op09"]
[Site "Kalamazoo"]
[Date "1999.09.18"]
[Round "3"]
[White "Culver, Daniel"]
[Black "Krzyston, Joseph"]
[Result "1-0"]
[WhiteElo "877"]
[BlackElo "861"]
[PlyCount "85"]
[EventDate "1999.09.18"]
[EventType "swiss"]
[EventRounds "3"]
[EventCountry "USA"]
[SourceTitle "EXT 2007"]
[Source "ChessBase"]
[SourceDate "2006.11.23"]
[SourceVersion "1"]
[SourceVersionDate "2006.11.23"]
[SourceQuality "1"]

1. e4 c5 2. Nf3 Nf6 3. e5 Nd5 4. d4 e6 5. Bc4 Nb6 6. Bg5 Be7 7. Bxe7 Qxe7 8. Bb5 a6 9. dxc5 axb5 10. cxb6 Qb4+ 11. Nbd2 Qxb2 12. 0-0 Nc6 13. Ne4 0-0 14. Nd6 f6 15. exf6 Qxf6 16. Re1 Ra3 17. Nxb5 Ra4 18. Nd6 Nd4 19. c4 Nxf3+ 20. gxf3 Ra3 21. Nxc8 Rxc8 22. Qxd7 Rf8 23. Qxe6+ Qxe6 24. Rxe6 Raxf3 25. Rf1 Ra3 26. Re2 Rc3 27. Re4 Rc2 28. a3 Rb2 29. c5 Rf7 30. Re8+ Rf8 31. Re7 Rb8 32. Rd1 Rc2 33. Rdd7 Rxc5 34. Rxg7+ Kh8 35. Rxh7+ Kg8 36. Rdg7+ Kf8 37. Rg4 Re8 38. Rh8+ Kf7 39. Rf4+ Ke7 40. Re4+ Kd7 41. Rhxe8 Rc6 42. R4e7+ Kd6 43. Rxb7 1-0